000 01123nam a2200265 a 4500
003 BLK
005 20250719154103.0
008 210902b bul|||||r ||||||| ||bul||
020 _a9786197186598
040 _aBLK
041 _aBUL
_cBUL
080 _aБългарска литература
_b821.163.2
_x-32
_z821.163.2-32
_9227592
084 _aТ 29
100 _aТанева, Галина Йовчева
_9470203
245 1 0 _aШепот от Сакар
_bсборник разкази
_cГалина Танева
260 _aПлевен
_bЕделвайс
_c2021
_9220054
300 _a148 с.
_c22 см
380 _aX
500 _aДетството, което ражда приказки / Румяна Пелова: с. 7-8 Биогр. данни за авт. отбелязани на гърба на кор. Речник: с. 145-147.
700 _9322080
_aПелова, Румяна Любенова
852 _bП
_c821.163.2-32/Т 29 Г
942 _cKNG
_n0
_029
944 _c2024
_k30576
_lЦветомила Тодорова
999 _c443609
_d443609